Chambers Book of Cinema Facts/ (Record no. 205951)

MARC details
000 -LEADER
fixed length control field 00588nam a22001817a 4500
005 - DATE AND TIME OF LATEST TRANSACTION
control field 20240926162628.0
010 ## - LCCN (DPL NO)
LC control number ENG-141796
020 ## - INTERNATIONAL STANDARD BOOK NUMBER
International Standard Book Number 9789357315692
Terms of availability 499.00
035 ## - SYSTEM CONTROL NUMBER
System control number EN-125328
037 ## - SOURCE OF ACQUISITION
Source of stock number/acquisition DBAD
082 ## - DEWEY DECIMAL CLASSIFICATION NUMBER
Classification number 791.430954
100 ## - MAIN ENTRY--PERSONAL NAME
Personal name Ganguly, Swayam
245 ## - TITLE STATEMENT
Title Chambers Book of Cinema Facts/
Statement of responsibility, etc By Swayam Ganguly
260 ## - PUBLICATION, DISTRIBUTION, ETC. (IMPRINT)
Place of publication, distribution, etc Gurugram
Name of publisher, distributor, etc Hachelle Book Publishing India Pvt Ltd
Date of publication, distribution, etc 2024
270 ## - ADDRESS
Address 4th & 5th Floor, Corporate Centre, Plot No. 94, Sector 44
City Gurugram
Postal code 122003
300 ## - PHYSICAL DESCRIPTION
Extent 281p.
Dimensions 20cm.(pb)
942 ## - ADDED ENTRY ELEMENTS (KOHA)
Source of classification or shelving scheme Dewey Decimal Classification
Item type English Books
Classification part 791.430954
Call number suffix GAN
Holdings
Withdrawn status Lost status Not for loan Collection code Home library Current library Date acquired Source of acquisition Cost, normal purchase price Full call number Barcode Copy number Cost, replacement price Koha item type
      Non-fiction Ashok Vihar Ashok Vihar 26/09/2024 Delivery of Books Act Division 499.00 791.430954 GAN EN-125328 1 499.00 English Books

© Delhi Public Library
Hit Counter
free hit counter